000 00316nam a2200133Ia 4500
005 20260328104331.0
008 260328s9999||||xx |||||||||||||| ||und||
100 _aKromrei, Claudia
245 0 _aPostModern Berlin /
_cClaudia Kromrei
260 _bNiggli
300 _a169 p.
650 _aARQUITECTOS
942 _cBK
999 _c11702
_d11702